000 01123nam a2200289Ia 4500
003 OSt
005 20220930092730.0
006 a|||||r|||| 00| 0
007 ta
008 220926b |||||||| |||| 00| 0 eng d
024 _a24238
037 _cTheses
040 _aCRL
_cCRL
_beng
041 _2eng
_aeng
100 _aAbhilashi Kavya
_9549586
110 _aUniversity OF Delhi. Faculty OF Medical Sciences. Department Ostetrics and gynaecology
_9549587
245 0 _aComparison of n - acetylcysteine with metformin on clinical profile of anovulatory infertile women with polycystic ovarian syndrome- a randomized control trial
260 _c2014
650 _aWOMEN - DISEASES
700 _a Dr. Abha Singh Gu.
_9533708
700 _a Dr. Anju Jain Gu.
_9532951
700 _a Dr. Atul Murari Gu.
_9537126
700 _a Dr. Manju Puri Gu.
_9536203
700 _aUniversity OF Delhi. Faculty OF Medical Sciences. Department Ostetrics and gynaecology
_9549588
942 _cDIS
_2CC
999 _c884215
_d884215